000 00399nam a22001697a 4500
003 OSt
005 20211207101648.0
008 211207b |||||||| |||| 00| 0 eng d
020 _a9789350843734
040 _cHU
082 _a379,11
100 _aSUMITRA SWAMI
_921610
245 _aFINANCIAL MANGEMENT IN EDUCATION
260 _aNEW DELHI
_bHALL
_c2014
300 _a285
942 _2ddc
_cBOOKS
_n0
999 _c21608
_d21608